• 首页
  • 本馆介绍
  • 公告通知
  • 最新文献
  • 馆藏检索
  • 电子资源
  • 读者导购
  • 参考咨询
  • 我的图书馆
  • 登录
  • 详细信息显示
  • 放入我的书架
  • 预约/预借图书
  • 作者相关作品
  • 分类相关作品
  • 丛书相关作品
  • 出版社相关作品

书目信息

  • 表格格式
  • 工作单格式
  • 卡片格式
题名:
新加坡
    
 
作者: 鲁虎 , 鲁虎 编著
分册:  
出版信息: 北京   社会科学文献出版社  2004
页数: 10,334页
开本: 21cm
丛书名: 列国志
单 册:
中图分类: K339
科图分类:
主题词: 新加坡--概况 , 东南亚--历史
电子资源:
ISBN: 7-80149-941-7
000 01283nam0 2200385 450
000 01246nam0 2200373 450
000 01154nam0 2200349 450
000 01117nam0 2200337 450
000 01135nam0 2200325 450
000 01098nam0 2200313 45
001 TS2006009966
005 20070111160145.67
010    @a7-80149-941-7@dCNY25.00
092    @aCN@bTS01-010652
100    @a20060829d2004 em y0chiy0110 ea
101 0  @achi
102    @aCN@b110000
105    @aab z 000yy
200 1  @a新加坡@Axin jia po@f鲁虎编著@Flu hu bian zhu
210    @a北京@c社会科学文献出版社@d2004
215    @a10,334页@c地图,照片@d21cm
225 2  @a列国志
300    @a中国社会科学院重大课题 国家“十五”重点出版项目
330    @a本书阐述了新加坡的国土与人民、历史、政治、经济、人民生活、军事、文化教育以及对外关系等方面的情况。评述了这个蕞尔岛国“腾飞”的历程和现状。
410  0 @1001002439188@12001 @a列国志
510 1  @aSingapore@zeng
606    @a新加坡@x概况
606 0  @a东南亚@x历史
690    @aK339@v4
701  0 @a鲁虎@Alu hu@f(1966~)@4编著
701  0 @a鲁虎@Alu hu@4编著
801  0 @aCN@b中图数据@c20070111
905    @a10447@dK339@e3
    
    新加坡/鲁虎编著.-北京:社会科学文献出版社,2004
    10,334页:地图,照片;21cm.-(列国志)
    中国社会科学院重大课题 国家“十五”重点出版项目
    
    ISBN 7-80149-941-7:CNY25.00
    本书阐述了新加坡的国土与人民、历史、政治、经济、人民生活、军事、文化教育以及对外关系等方面的情况。评述了这个蕞尔岛国“腾飞”的历程和现状。
●
相关链接 在E读中查询图书 在五车中查询图书 在当当中查询图书 在豆瓣中查询图书


正题名:新加坡     索取号:K339/3         预约/预借

序号 登录号 条形码 馆藏地/架位号 状态 备注
1 0619654   206196542   第二样本阅览室/ [索取号:K339/3] 在馆    
2 0619655   206196551   第二借阅区/ [索取号:K339/3] 在馆    
3 0619656   206196560   第二借阅区/ [索取号:K339/3] 在馆    
4 0619657   206196579   第二借阅区/ [索取号:K339/3] 在馆    
5 0619658   206196588   第二借阅区/ [索取号:K339/3] 在馆    
唐山师范学院图书馆 欢迎您!
大连网信软件有限公司© 版权所有